College Quizbowl Stats
College Quizbowl Stats
Circuits
Seasons
Sets
Records
Detailed Stats
About
Loading...
South Central
Tossups
Bonuses
Players
Teams
Categories (Tossup)
Categories (Bonus)
Jack Eby
Nebraska A
Categories
Category
Powers
Gets
Negs
BBs
Points
Earliest Buzz
Avg. Buzz
First Buzzes
Top 3 Buzzes
BPA
PVF
Fine Arts - Classical Music
0
1
0
0
10
40
40.00
1
1
6.92
10.00
Fine Arts - Other
0
1
0
0
10
99
99.00
0
0
0.00
1.67
Popular Culture
0
1
0
0
10
59
59.00
0
0
9.27
11.43
Science - Other
0
1
0
0
10
60
60.00
1
1
4.17
10.00
Buzzes
Category
Answer
Value
Buzz Position
Fine Arts - Classical Music
seven
10
40
Popular Culture
dashing
10
59
Science - Other
C
10
60
Fine Arts - Other
trumpet
10
99
Previous
1
Next